Estudios de derecho privado : (Record no. 61695)

MARC details
000 -LEADER
campo de control de longitud fija 00634nmm a2200193Ia 4500
008 - DATOS DE LONGITUD FIJA--INFORMACIÓN GENERAL
campo de control de longitud fija 251105s9999||||xx |||||||||||||||||und||
020 ## - NÚMERO INTERNACIONAL ESTÁNDAR DEL LIBRO
Número Internacional Estándar del Libro 9789587383348
041 ## - CÓDIGO DE IDIOMA
Código de lengua del texto/banda sonora o título independiente spa
100 ## - ENTRADA PRINCIPAL--NOMBRE DE PERSONA
Nombre de persona Aljure Salame, Antonio
245 #0 - MENCIÓN DEL TÍTULO
Título Estudios de derecho privado :
Resto del título Liber Amicorum en homenaje a Hernando Tapias Rocha
264 ## - PRODUCCIÓN, PUBLICACIÓN, DISTRIBUCIÓN, FABRICACIÓN Y COPYRIGHT
Producción, publicación, distribución, fabricación y copyright [Bogotá, Colombia] :
Nombre del de productor, editor, distribuidor, fabricante Universidad del Rosario,
Fecha de producción, publicación, distribución, fabricación o copyright 2013
300 ## - DESCRIPCIÓN FÍSICA
Extensión 1154 páginas
650 ## - PUNTO DE ACCESO ADICIONAL DE MATERIA--TÉRMINO DE MATERIA
Término de materia o nombre geográfico como elemento de entrada Law
700 ## - ENTRADA AGREGADA--NOMBRE PERSONAL
Nombre de persona León Robayo, Édgar Iván
700 1# - ENTRADA AGREGADA--NOMBRE PERSONAL
Nombre de persona López Castro, Yira
700 1# - ENTRADA AGREGADA--NOMBRE PERSONAL
Nombre de persona Botero Pérez, Carlos Andrés (eds.)
856 ## - LOCALIZACIÓN Y ACCESO ELECTRÓNICOS
Identificador Uniforme de Recursos <a href="https://public.digitaliapublishing.com/a/46557">https://public.digitaliapublishing.com/a/46557</a>
942 ## - ELEMENTOS DE ENTRADA SECUNDARIOS (KOHA)
Tipo de ítem Koha Libro Digital

No items available.

Powered by Koha